[Event "Albena Masters op"]
[Site "Albena"]
[Date "2012.05.30"]
[Round "5"]
[White "Ojagverdiyev, Zaur"]
[Black "Ivanov, Bogidar"]
[Result "1-0"]
[WhiteElo "2056"]
[BlackElo "2222"]
[PlyCount "101"]
[EventDate "2012.05.26"]
[EventType "swiss"]
[EventRounds "9"]
[EventCountry "BUL"]
[SourceTitle "CBM 148 Extra"]
[Source "ChessBase"]
[SourceDate "2012.06.22"]
[SourceVersion "1"]
[SourceVersionDate "2012.06.22"]
[SourceQuality "1"]

1. e4 c5 2. Nf3 Nc6 3. c3 Qa5 4. Na3 e6 5. Be2 Nf6 6. d3 d5 7. Qc2 Be7 8. 0-0 0-0 9. Bg5 h6 10. Bh4 Nh5 11. Bxe7 Nxe7 12. Qd2 Nf6 13. e5 Nd7 14. d4 a6 15. Bd3 b5 16. dxc5 Nxc5 17. Nc2 Nxd3 18. Qxd3 Bd7 19. Nfd4 Qb6 20. Kh1 a5 21. a3 Qc7 22. Rae1 Rab8 23. f4 Qc4 24. Qd2 Qc7 25. Rf3 Kh8 26. g4 Rbe8 27. Rh3 f6 28. g5 fxe5 29. fxe5 Rf7 30. gxh6 g6 31. Rf3 Ref8 32. Rxf7 Rxf7 33. h4 Qd8 34. Qg5 Qf8 35. Re2 Kh7 36. Ne3 Ng8 37. Ng4 b4 38. axb4 axb4 39. Kg2 bxc3 40. bxc3 Qa3 41. Qe3 Qe7 42. Nf3 Bc6 43. Ng5+ Kh8 44. Nxf7+ Qxf7 45. Kg3 d4 46. cxd4 Qb7 47. Rf2 Qb1 48. Rf8 Qb2 49. Qf2 Qa3+ 50. Kh2 Qe7 51. Qf6+ 1-0

[Event "Albena Masters op"]
[Site "Albena"]
[Date "2012.05.28"]
[Round "3"]
[White "Ojagverdiyev, Zaur"]
[Black "Studer, Noel"]
[Result "0-1"]
[WhiteElo "2056"]
[BlackElo "2236"]
[PlyCount "78"]
[EventDate "2012.05.26"]
[EventType "swiss"]
[EventRounds "9"]
[EventCountry "BUL"]
[SourceTitle "CBM 148 Extra"]
[Source "ChessBase"]
[SourceDate "2012.06.22"]
[SourceVersion "1"]
[SourceVersionDate "2012.06.22"]
[SourceQuality "1"]

1. Nf3 Nf6 2. Nc3 e6 3. b3 c5 4. Bb2 b6 5. e3 Be7 6. Be2 0-0 7. 0-0 Bb7 8. d4 d6 9. Re1 a6 10. a4 Qc7 11. h3 Nbd7 12. dxc5 Nxc5 13. Nd4 Rfd8 14. Bf3 d5 15. Nce2 Nce4 16. c3 Rac8 17. Qc2 Qd7 18. Bxe4 Nxe4 19. f3 Nd6 20. Ba3 e5 21. Bxd6 Bxd6 22. Nf5 Bc5 23. Kh1 h5 24. Qd3 Qe6 25. Nfg3 e4 26. fxe4 dxe4 27. Qb1 Bxe3 28. Nxh5 Qh6 29. Nhg3 Bf2 30. Rd1 e3 31. Kh2 Qc6 32. Nf4 g5 33. Nf5 Qc7 34. Nh6+ Kf8 35. Qh7 Qxf4+ 36. Kh1 e2 37. Rg1 Bxg2+ 38. Rxg2 Rd1+ 39. Rg1 Qf3+ 0-1

[Event "EU-ch 13th"]
[Site "Plovdiv"]
[Date "2012.03.28"]
[Round "8"]
[White "Pop, Alexandru"]
[Black "Ojagverdiyev, Zaur"]
[Result "1/2-1/2"]
[WhiteElo "2272"]
[BlackElo "2050"]
[PlyCount "115"]
[EventDate "2012.03.20"]
[EventType "swiss"]
[EventRounds "11"]
[EventCountry "BUL"]
[SourceTitle "CBM 148"]
[Source "ChessBase"]
[SourceDate "2012.05.16"]
[SourceVersion "1"]
[SourceVersionDate "2012.05.16"]
[SourceQuality "1"]

1. Nf3 d5 2. g3 Nf6 3. Bg2 g6 4. c4 c6 5. cxd5 cxd5 6. d4 Bg7 7. 0-0 0-0 8. Nc3 Nc6 9. Ne5 e6 10. Bf4 Nh5 11. Nxc6 bxc6 12. Be3 Rb8 13. Na4 Re8 14. Rc1 Bd7 15. b3 Bf8 16. Nc5 Bd6 17. Qc2 Bc8 18. Nd3 Bb7 19. Bf3 Ng7 20. Bf4 Nf5 21. Bxd6 Qxd6 22. Qb2 h5 23. Bg2 Kg7 24. Nc5 Bc8 25. Rfd1 e5 26. dxe5 Qxe5 27. Qxe5+ Rxe5 28. e3 Ne7 29. Rd4 Bf5 30. Ra4 Nc8 31. Bf1 Re7 32. Na6 Rb6 33. Nb4 Bd7 34. a3 g5 35. Ra6 Re6 36. Bd3 Rd6 37. Ra5 h4 38. e4 hxg3 39. hxg3 dxe4 40. Bxe4 Kf6 41. Kg2 Rb5 42. Rc5 Rxc5 43. Rxc5 Ne7 44. Ra5 Be6 45. Rxa7 Bxb3 46. Ra6 Ke5 47. f3 Rd2+ 48. Kg1 c5 49. Nd3+ Kd4 50. Rf6 c4 51. Nb4 Ng6 52. Rxf7 Ne5 53. Rf5 g4 54. Rf4 gxf3 55. Bxf3+ Kc5 56. Rf5 Kd4 57. Rf4+ Kc3 58. Bd5 1/2-1/2

[Event "EU-ch 13th"]
[Site "Plovdiv"]
[Date "2012.03.25"]
[Round "6"]
[White "Yakimenko, Alexander A"]
[Black "Ojagverdiyev, Zaur"]
[Result "1-0"]
[WhiteElo "2223"]
[BlackElo "2050"]
[PlyCount "115"]
[EventDate "2012.03.20"]
[EventType "swiss"]
[EventRounds "11"]
[EventCountry "BUL"]
[SourceTitle "CBM 148"]
[Source "ChessBase"]
[SourceDate "2012.05.16"]
[SourceVersion "1"]
[SourceVersionDate "2012.05.16"]
[SourceQuality "1"]

1. d4 Nf6 2. c4 c5 3. d5 d6 4. Nc3 g6 5. Nf3 Bg7 6. h3 0-0 7. e4 Nfd7 8. Bd3 Ne5 9. Nxe5 Bxe5 10. Bh6 Bg7 11. Qd2 a6 12. h4 Bxh6 13. Qxh6 e5 14. h5 g5 15. 0-0-0 f6 16. g3 Bg4 17. Rdf1 Qe7 18. f3 Bc8 19. f4 Nd7 20. Nd1 exf4 21. gxf4 Qg7 22. Qxg7+ Kxg7 23. Ne3 gxf4 24. Nf5+ Kh8 25. Nxd6 Ne5 26. Be2 f3 27. Bxf3 h6 28. Be2 Rb8 29. a4 b6 30. b3 Ra8 31. Kd2 Rb8 32. Rf4 Bd7 33. Rhf1 Kg7 34. Rg1+ Kh7 35. Rgf1 Kg7 36. Kc3 a5 37. Kd2 Rbd8 38. R1f2 Bh3 39. Nb5 Bd7 40. Nc3 Rf7 41. Nd1 Bc8 42. Ne3 Rdf8 43. Bg4 Nxg4 44. Nxg4 f5 45. Ne5 Rf6 46. Ng6 Re8 47. e5 Rxg6 48. hxg6 Rxe5 49. Re2 Rxe2+ 50. Kxe2 Kxg6 51. Rf1 Bd7 52. Kf3 Kf6 53. Kf4 Be8 54. Re1 Bf7 55. Re5 h5 56. Rxf5+ Ke7 57. Ke5 Bg6 58. Rf6 1-0

[Event "EU-ch 13th"]
[Site "Plovdiv"]
[Date "2012.03.22"]
[Round "3"]
[White "Ojagverdiyev, Zaur"]
[Black "Neubauer, Martin"]
[Result "0-1"]
[WhiteElo "2050"]
[BlackElo "2413"]
[PlyCount "169"]
[EventDate "2012.03.20"]
[EventType "swiss"]
[EventRounds "11"]
[EventCountry "BUL"]
[SourceTitle "CBM 148"]
[Source "ChessBase"]
[SourceDate "2012.05.16"]
[SourceVersion "1"]
[SourceVersionDate "2012.05.16"]
[SourceQuality "1"]

1. e4 e6 2. d4 d5 3. Nc3 Nf6 4. e5 Nfd7 5. f4 c5 6. Nf3 Nc6 7. Be3 Be7 8. Qd2 0-0 9. dxc5 Bxc5 10. Bxc5 Nxc5 11. Nd4 f6 12. Nxc6 bxc6 13. Qd4 Nd7 14. exf6 Qxf6 15. Qxf6 gxf6 16. g3 e5 17. Bg2 Rb8 18. 0-0-0 Nc5 19. Rhe1 e4 20. Rd2 f5 21. Ne2 Bd7 22. Nd4 Nb7 23. Nb3 Be6 24. Bf1 c5 25. Ba6 Rfc8 26. g4 d4 27. gxf5 Bxf5 28. Rg2+ Kh8 29. Rg5 Rf8 30. Bxb7 Rxb7 31. Nxc5 Rc7 32. b4 a5 33. a3 axb4 34. axb4 Rcf7 35. Kb2 Bg6 36. Ne6 Rb8 37. b5 d3 38. cxd3 exd3 39. Kc3 Rd7 40. f5 d2 41. Rd1 Rc8+ 42. Kb2 Bf7 43. Rg2 Rd5 44. Rgxd2 Rxb5+ 45. Ka1 Ra8+ 46. Ra2 Rxa2+ 47. Kxa2 Rxf5 48. Rd8+ Bg8 49. Ka3 Rh5 50. Nd4 Kg7 51. h4 Bf7 52. Nf3 Rf5 53. Ng5 Bg6 54. Rd4 Re5 55. Kb2 Kh6 56. Kc1 Kh5 57. Kd2 Bf5 58. Nf3 Re7 59. Rd5 Kg4 60. Nh2+ Kf4 61. Nf1 Ra7 62. h5 Ra2+ 63. Ke1 Bg4 64. Nd2 Kg3 65. Ne4+ Kf4 66. Nf6 Bf3 67. Rd7 h6 68. Rf7 Ke3 69. Re7+ Kf4 70. Rf7 Kg5 71. Nh7+ Kg4 72. Nf6+ Kh4 73. Rh7 Kg5 74. Rf7 Ba8 75. Ng8 Ra6 76. Rh7 Be4 77. Rxh6 Ra8 78. Rh8 Kf4 79. Kd2 Rc8 80. h6 Rc2+ 81. Kd1 Rc8 82. Kd2 Bf5 83. h7 Be4 84. Ke2 Rd8 85. Ke1 0-1

[Event "Baku President's Cup 2nd"]
[Site "Baku"]
[Date "2007.05.03"]
[Round "1"]
[White "Ojagverdiyev, Zaur"]
[Black "Shanava, Konstantine"]
[Result "0-1"]
[WhiteElo "2095"]
[BlackElo "2532"]
[PlyCount "48"]
[EventDate "2007.05.03"]
[EventType "swiss"]
[EventRounds "9"]
[EventCountry "AZE"]
[SourceTitle "CBM 118 Extra"]
[Source "ChessBase"]
[SourceDate "2007.07.04"]
[SourceVersion "1"]
[SourceVersionDate "2007.07.04"]
[SourceQuality "1"]

1. e4 c5 2. Nf3 d6 3. d4 cxd4 4. Nxd4 Nf6 5. Nc3 g6 6. Bc4 Bg7 7. Bb3 a6 8. f3 b5 9. Be3 Bb7 10. Qd2 Nbd7 11. a3 Rc8 12. 0-0-0 Ne5 13. Bh6 Bxh6 14. Qxh6 Qb6 15. Rhe1 Nc4 16. Nd5 Bxd5 17. exd5 Nxd5 18. Qg5 Rc5 19. Nf5 gxf5 20. Rxd5 e6 21. Bxc4 bxc4 22. Rxf5 Qa5 23. Rxe6+ fxe6 24. Qh5+ Kd8 0-1